| 000 | 00943nas a2200313 4500 | ||
|---|---|---|---|
| 001 | BR0500870 | ||
| 003 | BR-BrBNA | ||
| 005 | 20231205105129.0 | ||
| 007 | ta | ||
| 008 | 230509b bl.|||p| |||| 00| 00por d | ||
| 040 |
_aBR-BrBNA _bpor _cBiblioteca Nacional de Agricultura |
||
| 041 | _a(Pt) | ||
| 072 | _aP34; P32 | ||
| 100 | 1 | _aCunha, T.J.F. | |
| 100 | 1 | _aRibeiro, L.P. | |
| 100 | 1 | _aPalmieri, F. | |
| 100 | 1 | _aSilva, E.F. da | |
| 100 | 1 | _aConceição, M. da | |
| 245 | 1 | _aCaracterização e natureza do húmus de latossolos amarelos coesos de tabuleiro na região do Recôncavo Baiano | |
| 650 | _aHÚMUS | ||
| 650 | _aLATOSSOLO AMARELO | ||
| 650 | _aMATÉRIA ORGÂNICA | ||
| 650 | _aCOBERTURA DO SOLO | ||
| 650 | _aPERFIL DO SOLO | ||
| 650 | _aBAHIA | ||
| 773 | 0 |
_tMagistra (Brazil) _xISSN 0102-5333 _g(Jul-Dec 2003), v. 15(2) p. 147-154 _wBR0500870 |
|
| 909 |
_a202311 _bLúcia _c55 _dLúcia Elande |
||
| 942 |
_2AGRIS _n0 _cANA |
||
| 999 |
_c181395 _d181395 |
||